Blue things image quiz - Statistics

General Stats
  • This quiz has been taken 72 times
  • The average score is 8 of 16
Answer Stats
Picture Answer % Correct
Blueberries
94%
Blue moon
94%
Sky
94%
Blue jeans
92%
Blue whale
85%
Bluefin tuna
57%
Blue jay
51%
Neptune
51%
Blue suede shoes
49%
Bluebells
28%
Powder blue tang
25%
Blue Öyster Cult
17%
Curaçao Liqueur
17%
Blue ringed octopus
15%
Blue screen of death
15%
Bluegrass State
9%
No matching quizzes found
Score Distribution
Percent of People with Each Score
Percentile by Number Answered
Your Score History
You have not taken this quiz